1998 FIFA World Cup Quiz - Statistics

General Stats
  • This quiz has been taken 673 times
  • The average score is 26 of 32
Answer Stats
Answer % Correct
Brazil
97%
France
97%
Argentina
96%
England
93%
Italy
93%
Spain
93%
Germany
91%
Japan
88%
Netherlands
87%
Croatia
86%
Mexico
86%
Denmark
83%
South Korea
83%
Nigeria
82%
Cameroon
81%
Chile
81%
Colombia
80%
Norway
79%
Paraguay
78%
Scotland
78%
Belgium
77%
United States
77%
Iran
75%
Saudi Arabia
73%
Morocco
71%
Austria
69%
Romania
69%
South Africa
69%
Jamaica
67%
Tunisia
67%
Bulgaria
63%
Yugoslavia
57%
No matching quizzes found
Score Distribution
Percent of People with Each Score
Percentile by Number Answered
Your Score History
You have not taken this quiz